000 00676nam a2200217Ia 4500
001 1739
003 GE_BSU
008 181216s||||||||xx |||||||||||||| ||und||
040 _cGE_BSU
080 _a517(076.1)(075.8)
100 _aБерман,Г.Н.
245 _aСборник задач по курсу математического анализа
245 _bУчебное пособие для студ вузов
250 _aИзд. 19-ое
260 _aМосква
260 _bНаука
260 _c1977
300 _a416с.22см.
653 _aСборник задач по курсу математического анализа
942 _cBK
999 _c35848
_d35848